पहला गिरमिटिया : गाँधी के जीवन पर केंद्रित उपन्यास (Record no. 29751)
[ view plain ]
| 000 -LEADER | |
|---|---|
| fixed length control field | 00415nam a22001217a 4500 |
| 003 - CONTROL NUMBER IDENTIFIER | |
| control field | SGT |
| 082 ## - DEWEY DECIMAL CLASSIFICATION NUMBER | |
| Classification number | 920 |
| Item number | P99K |
| 100 ## - MAIN ENTRY--PERSONAL NAME | |
| Personal name | किशोर, गिरिराज |
| 245 ## - TITLE STATEMENT | |
| Title | पहला गिरमिटिया : गाँधी के जीवन पर केंद्रित उपन्यास |
| 260 ## - PUBLICATION, DISTRIBUTION, ETC. (IMPRINT) | |
| Name of publisher, distributor, etc | भारतीय ज्ञानपीठ |
| Year of Publication | 1999 |
| 300 ## - PAGE DESCRIPTION | |
| No. of Pages | 904 |
| 942 ## - ADDED ENTRY ELEMENTS (KOHA) | |
| Source of classification or shelving scheme | Dewey Decimal Classification |
| Koha item type | Books |
| Withdrawn status | Lost status | Source of classification or shelving scheme | Damaged status | Not for loan | Home library | Current library | Shelving location | Date acquired | SGTU | Total Checkouts | Full call number | Accession No. (Barcode) | Date last seen | Bill Date | Koha item type |
|---|---|---|---|---|---|---|---|---|---|---|---|---|---|---|---|
| Dewey Decimal Classification | Not For Loan | SGT Chancellor's Library | SGT Chancellor's Library | Reference Book | 08/02/2025 | SGTU | 920 P99K | CH2309 | 08/02/2025 | 08/02/2025 | Books |